000 01142nam a22002897a 4500
001 BD-DhSAU 9295
003 BD-DhSAU
005 20190109125408.0
008 150613b2010 bg a|||| m||| 00| 0 eng d
040 _aBD-DhSAU
082 _222
_a631.4
_by26
100 _aYasmin, Tamanna
_eRegistration # 09-03737
245 _aRole of phosphorus and sulphur on the growth, chemical composition, yield and oil content of mustard (SAU Sharisha-1) /
_bMS thesis
_c Tamanna Yasmin
260 _aSher-e-Bangla Agricultural University :
_bDepartment of Soil Science,
_c2010.
300 _axiv, 82 p. :
_bill. ;
_c30 cm.
500 _aMS thesis of Department of Soil Science, Faculty of Agriculture, Sher-e-Bangla Agricultural University, Dhaka, Bangladesh
504 _aIncludes bibliographical reference.
590 _aJerin
650 _aSoil Science
650 _asulphur
650 _aSharisha
650 _a phosphorus
700 _aIslam, Md. Nurul
_eSuperviser
700 _aKhan, Md. Asaduzzaman
_eCo-superviser
856 _uhttp://archive.saulibrary.edu.bd:8080/xmlui/handle/123456789/713
942 _2ddc
_cTHESIS
999 _c9295
_d9295